|
|
|
|
| LEADER |
00000nab a2200000 a 4500 |
| 001 |
vtls000152695 |
| 003 |
SK-MaSNL |
| 005 |
20260304072440.0 |
| 008 |
250423c1983 xo 0 slo |
| 015 |
|
|
|a SNBRB19rr/mm-uuuuu
|
| 035 |
|
|
|a CL0162802
|
| 035 |
|
|
|a urn:nbn:sk:snk:ar-0046yi
|
| 035 |
|
|
|a urn:nbn:sk:snk-abbccw
|
| 035 |
|
|
|a (uuid)ed44aae1-abea-4476-b6ab-09b8170facc5
|
| 040 |
|
|
|a SNKBUCL
|b slo
|c SNKBUCL
|e AACR2
|
| 041 |
0 |
|
|a slo
|
| 044 |
|
|
|a xo
|c SK
|
| 080 |
|
|
|a 82.09:830-3(048)
|2 1981
|
| 080 |
|
|
|a 830-3(048)
|2 1981
|
| 100 |
1 |
|
|a Šimon, Ladislav,
|d 1938-
|4 aut
|9 99746
|
| 245 |
1 |
0 |
|a Joachim Nowotny: Letzter Auftritt der Komparsen
|c Šimon Ladislav ; Ladislav Šimon, Joachim Nowotny
|
| 650 |
0 |
7 |
|a novely spoločenské
|2 snkbucl
|9 893775
|
| 650 |
0 |
7 |
|a novely dedinské
|2 snkbucl
|9 945574
|
| 655 |
|
7 |
|a články z novín a časopisov
|2 snkbucl
|9 267496
|
| 655 |
|
7 |
|a články z odboru literárna veda a krásna literatúra
|2 snkbucl
|9 770045
|
| 700 |
1 |
|
|a Šimon, Ladislav
|4 aut
|9 339766
|
| 700 |
1 |
|
|a Nowotny, Joachim
|4 aut
|9 1360145
|
| 773 |
0 |
|
|t Revue svetovej literatúry
|g Roč. 19, č. 4 (1983), s. 188-190
|
| 787 |
0 |
8 |
|i Rec.:
|a Nowotny, Joachim
|t Letzter Auftritt der Komparsen
|d Halle-Leipzig : Mitteldeutscher Verlag, 1981
|
| 850 |
|
|
|a Slovenská národná knižnica
|
| 852 |
|
|
|a Slovenská národná knižnica
|
| 958 |
|
|
|a article15
|
| 958 |
|
|
|a RK
|
| 958 |
|
|
|a LX
|
| 958 |
|
|
|a DE
|
| 958 |
|
|
|a OND
|
| 958 |
|
|
|a EUIPO
|
| 999 |
|
|
|c 2766521
|d 2768451
|